[Event "LSS SE-2010-0-00053"]
[Site "LSS email"]
[Date "2010.09.01"]
[Round "?"]
[White "Sukhanitskij, Stanislav"]
[Black "Coulomb, April"]
[Result "1-0"]
[WhiteElo "800"]
[BlackElo "1117"]
[PlyCount "33"]
[EventDate "2010.06.19"]
[EventType "tourn (corr)"]
[EventRounds "6"]
[EventCountry "GER"]
[SourceTitle "Corr 2015"]
[Source "ChessBase"]
[SourceDate "2015.07.17"]
[SourceVersion "1"]
[SourceVersionDate "2015.07.17"]
[SourceQuality "1"]

1. e4 c6 2. d4 d5 3. e5 c5 4. dxc5 e6 5. Nf3 Bxc5 6. Bd3 Nc6 7. 0-0 Nge7 8. Nc3 a6 9. a3 Ng6 10. Bg5 Qc7 11. Bxg6 fxg6 12. Re1 Qf7 13. Na4 Ba7 14. Be3 Bxe3 15. Rxe3 0-0 16. Nb6 Rb8 17. c4 1-0

[Event "ZL-2010-0-00752"]
[Site "LSS email"]
[Date "2010.08.11"]
[Round "?"]
[White "Coulomb, April"]
[Black "Molano Lafuente, Ismael"]
[Result "0-1"]
[WhiteElo "1273"]
[BlackElo "1265"]
[PlyCount "48"]
[EventDate "2010.08.06"]
[EventType "match (corr)"]
[EventRounds "2"]
[EventCountry "GER"]
[SourceTitle "Telechess CBM 143"]
[Source "ChessBase"]
[SourceDate "2011.07.15"]
[SourceVersion "1"]
[SourceVersionDate "2011.07.15"]
[SourceQuality "1"]

1. d4 f5 2. Nf3 Nf6 3. g3 d6 4. Bg2 c6 5. 0-0 Qc7 6. Nbd2 e5 7. dxe5 dxe5 8. Nc4 e4 9. Nh4 Nd5 10. Bh3 g6 11. Ne3 Nxe3 12. Bxe3 Nd7 13. Bd4 Rg8 14. c3 Nc5 15. b4 Ne6 16. Qb3 Qf7 17. e3 g5 18. Bxf5 gxh4 19. Bxe4 Ng5 20. Qxf7+ Kxf7 21. Bg2 a5 22. a3 Bf5 23. Rfe1 Nh3+ 24. Kf1 Bd3+ 0-1

[Event "ZL-2010-0-00728"]
[Site "LSS email"]
[Date "2010.07.11"]
[Round "?"]
[White "Stoelzel, Werner"]
[Black "Coulomb, April"]
[Result "0-1"]
[WhiteElo "1090"]
[BlackElo "1117"]
[PlyCount "21"]
[EventDate "2010.06.25"]
[EventType "match (corr)"]
[EventRounds "2"]
[EventCountry "GER"]
[SourceTitle "Corr 2013"]
[Source "ChessBase"]
[SourceDate "2012.11.12"]
[SourceVersion "1"]
[SourceVersionDate "2012.11.12"]
[SourceQuality "1"]

1. g3 d5 2. Bg2 c6 3. d4 Bf5 4. Nf3 Nf6 5. Nh4 Bg4 6. c3 Nbd7 7. h3 Bh5 8. g4 Bg6 9. Nxg6 hxg6 10. Bf4 e6 11. Qb3 0-1

[Event "LSS SE-2010-0-00046"]
[Site "LSS email"]
[Date "2010.05.25"]
[Round "?"]
[White "Sikorski, Roman"]
[Black "Coulomb, April"]
[Result "1/2-1/2"]
[WhiteElo "1382"]
[BlackElo "1274"]
[PlyCount "40"]
[EventDate "2010.03.23"]
[EventType "tourn (corr)"]
[EventRounds "6"]
[EventCountry "GER"]
[SourceTitle "Telechess CBM 141"]
[Source "ChessBase"]
[SourceDate "2011.03.17"]
[SourceVersion "1"]
[SourceVersionDate "2011.03.17"]
[SourceQuality "1"]

1. e4 e6 2. d4 d5 3. e5 c5 4. c3 Nc6 5. Nf3 Bd7 6. Be2 Nge7 7. 0-0 Ng6 8. Be3 Be7 9. Bd3 Qb6 10. Qd2 cxd4 11. cxd4 Nb4 12. Nc3 Nxd3 13. Qxd3 0-0 14. Rac1 Rac8 15. Rc2 Rc7 16. Rfc1 Rfc8 17. Nd1 Bb5 18. Qb3 Rxc2 19. Rxc2 Rxc2 20. Qxc2 Qc6 1/2-1/2

[Event "LSS SE-2010-0-00046"]
[Site "LSS email"]
[Date "2010.05.16"]
[Round "?"]
[White "Grigoryan, Gagik"]
[Black "Coulomb, April"]
[Result "1/2-1/2"]
[WhiteElo "1604"]
[BlackElo "1117"]
[PlyCount "48"]
[EventDate "2010.03.23"]
[EventType "tourn (corr)"]
[EventRounds "6"]
[EventCountry "GER"]
[SourceTitle "Telechess CBM 147"]
[Source "ChessBase"]
[SourceDate "2012.03.16"]
[SourceVersion "1"]
[SourceVersionDate "2012.03.16"]
[SourceQuality "1"]

1. d4 d5 2. c4 c6 3. Nf3 Nf6 4. Nc3 dxc4 5. a4 Bf5 6. e3 e6 7. Bxc4 Bb4 8. 0-0 0-0 9. Qe2 Bg4 10. Rd1 Qa5 11. Bd2 Nbd7 12. h3 Bxf3 13. Qxf3 e5 14. Be1 Rad8 15. Bb3 exd4 16. Rxd4 Ne5 17. Qe2 Rxd4 18. exd4 Ned7 19. Bd2 Re8 20. Qc4 Nd5 21. Nxd5 Bxd2 22. Nb6 Qf5 23. Nxd7 Qxd7 24. Rd1 Re1+ 1/2-1/2

[Event "LSS SE-2010-0-00046"]
[Site "LSS email"]
[Date "2010.05.15"]
[Round "?"]
[White "Coulomb, April"]
[Black "Hilton, Stephen H"]
[Result "1-0"]
[WhiteElo "1117"]
[BlackElo "999"]
[PlyCount "41"]
[EventDate "2010.03.23"]
[EventType "tourn (corr)"]
[EventRounds "6"]
[EventCountry "GER"]
[SourceTitle "Corr 2013"]
[Source "ChessBase"]
[SourceDate "2012.11.12"]
[SourceVersion "1"]
[SourceVersionDate "2012.11.12"]
[SourceQuality "1"]
[WhiteTeam "US of America"]
[BlackTeam "US of America"]
[WhiteTeamCountry "USA"]
[BlackTeamCountry "USA"]

1. d4 Nf6 2. Bg5 c5 3. Bxf6 gxf6 4. d5 Qb6 5. Qc1 Bg7 6. g3 d6 7. Bg2 0-0 8. Nd2 Nd7 9. Ngf3 Ne5 10. 0-0 Bg4 11. h3 Nxf3+ 12. Nxf3 Bd7 13. Re1 f5 14. Rb1 Bf6 15. c3 Rac8 16. c4 e5 17. Qh6 Bg7 18. Qh5 f6 19. Nh4 f4 20. Be4 h6 21. Qg6 1-0

[Event "LSS SE-2010-0-00046"]
[Site "LSS email"]
[Date "2010.05.15"]
[Round "?"]
[White "Coulomb, April"]
[Black "Molano Lafuente, Ismael"]
[Result "0-1"]
[WhiteElo "1274"]
[BlackElo "1314"]
[PlyCount "44"]
[EventDate "2010.03.23"]
[EventType "tourn (corr)"]
[EventRounds "6"]
[EventCountry "GER"]
[SourceTitle "Telechess CBM 141"]
[Source "ChessBase"]
[SourceDate "2011.03.17"]
[SourceVersion "1"]
[SourceVersionDate "2011.03.17"]
[SourceQuality "1"]

1. d4 Nf6 2. Bg5 c5 3. Bxf6 gxf6 4. d5 Qb6 5. Qc1 Bh6 6. e3 f5 7. Ne2 d6 8. g3 Nd7 9. Nd2 Rg8 10. Nf4 Ne5 11. Bg2 Bd7 12. 0-0 0-0-0 13. Rb1 Rg4 14. c4 Rdg8 15. Nf3 Bxf4 16. exf4 Nd3 17. Qd2 Nxf4 18. h3 Nxh3+ 19. Bxh3 Rxc4 20. Qd3 Re4 21. Rfe1 Rxg3+ 22. Kh2 c4 0-1

[Event "LSS SE-2010-0-00046"]
[Site "LSS email"]
[Date "2010.05.15"]
[Round "?"]
[White "Coulomb, April"]
[Black "Schnoewitz, Brigitte"]
[Result "1-0"]
[WhiteElo "1117"]
[BlackElo "1104"]
[PlyCount "53"]
[EventDate "2010.03.23"]
[EventType "tourn (corr)"]
[EventRounds "6"]
[EventCountry "GER"]
[SourceTitle "Telechess CBM 147"]
[Source "ChessBase"]
[SourceDate "2012.03.16"]
[SourceVersion "1"]
[SourceVersionDate "2012.03.16"]
[SourceQuality "1"]

1. d4 d5 2. c4 c6 3. Nc3 Nf6 4. Nf3 e6 5. Bg5 Be7 6. e3 0-0 7. Qc2 h6 8. Bh4 Nbd7 9. Rc1 dxc4 10. Bxc4 Nb6 11. Bd3 Nbd5 12. a3 b5 13. Nxd5 cxd5 14. 0-0 b4 15. axb4 Bxb4 16. Qa4 a5 17. Ne5 g5 18. Bg3 Bb7 19. Nc6 Qb6 20. Rc2 Ba6 21. Bxa6 Rxa6 22. Rfc1 Raa8 23. f3 Kg7 24. Be5 Kg6 25. Bxf6 Kxf6 26. Ne5 Bd6 27. Nd7+ 1-0

[Event "OP-2010-0-01159"]
[Site "LSS email"]
[Date "2010.05.14"]
[Round "?"]
[White "Coulomb, April"]
[Black "Grabowski, Benedykt"]
[Result "0-1"]
[WhiteElo "1117"]
[BlackElo "1860"]
[PlyCount "34"]
[EventDate "2010.05.09"]
[EventType "tourn (corr)"]
[EventRounds "4"]
[EventCountry "GER"]
[SourceTitle "Corr 2013"]
[Source "ChessBase"]
[SourceDate "2012.11.12"]
[SourceVersion "1"]
[SourceVersionDate "2012.11.12"]
[SourceQuality "1"]

1. d4 d5 2. c4 dxc4 3. e4 e5 4. Nf3 exd4 5. Bxc4 Nc6 6. 0-0 Bc5 7. Qb3 Qe7 8. Bg5 f6 9. Bxg8 fxg5 10. Bd5 g4 11. Nfd2 Nb4 12. Bc4 Rf8 13. a3 Nc6 14. Bd5 Ne5 15. Bxb7 Rb8 16. Qa4+ Bd7 17. Qa6 Rf6 0-1

[Event "IECG QN.2003.0.00271 email "]
[Site "IECG email"]
[Date "2003.04.21"]
[Round "?"]
[White "Lim, Chai Chin"]
[Black "Coulomb, April"]
[Result "0-1"]
[WhiteElo "515"]
[BlackElo "800"]
[PlyCount "55"]
[EventDate "2003.04.21"]
[EventType "tourn (corr)"]
[EventRounds "6"]
[SourceTitle "Corr 2008"]
[Source "ChessBase"]
[SourceDate "2008.06.24"]
[SourceVersion "1"]
[SourceVersionDate "2008.06.24"]
[SourceQuality "1"]

1. e4 c5 2. Nc3 Nc6 3. Bb5 d6 4. Nf3 e5 5. Bxc6+ bxc6 6. 0-0 Nf6 7. d3 Be7 8. Be3 Qc7 9. Re1 0-0 10. Bg5 Be6 11. Bxf6 Bxf6 12. Re3 Rab8 13. b3 d5 14. Re2 Rfd8 15. Qe1 Bg4 16. Re3 d4 17. Re2 dxc3 18. Re3 Qa5 19. Kf1 c4 20. dxc4 Bxf3 21. Rxf3 Rd2 22. Qb1 Qc5 23. g3 Rbd8 24. Qe1 Qd4 25. Rd3 Rxd3 26. cxd3 Qxd3+ 27. Kg2 c2 28. Qe3 0-1